1066, year of destiny /

Bibliographic Details
Main Author: Wise, Terence
Format: Book
Language:English
Published: London : Osprey, 1979.
Subjects:

MARC

Tag First Indicator Second Indicator Subfields
LEADER 00000cam a2200000 a 4500
001 in00000645921
005 20151015062938.0
008 800408s1979 enka b 00110 engm
010 |a  80466396  
015 |a GB*** 
020 |a 0850453208 :  |c 7.50 
035 |a (OCoLC)06280727 
035 |9 ACV9953AM 
040 |a DLC  |c DLC  |d m.c.  |d TXA  |d UtOrBLW 
043 |a e-uk--- 
049 |a TXAM  |c [384868] 
050 0 0 |a DA195  |b .W57 
082 0 |a 942.02/1 
100 1 |a Wise, Terence. 
245 1 0 |a 1066, year of destiny /  |c Terence Wise. 
264 1 |a London :  |b Osprey,  |c 1979. 
300 |a 232 pages :  |b illustrations ;  |c 25 cm. 
336 |a text  |b txt  |2 rdacontent 
337 |a unmediated  |b n  |2 rdamedia 
338 |a volume  |b nc  |2 rdacarrier 
500 |a Includes index. 
504 |a Bibliography: pages 225-227. 
651 0 |a Great Britain  |x History  |y Norman period, 1066-1154. 
999 |a MARS 
999 f f |s bdba9b1a-8985-3bb9-b453-23fa042d2908  |i 429b19d3-1794-362a-b76c-3c955bb667ce  |t 0 
952 f f |p ric  |a Texas A&M University  |b Rellis Campus  |c Joint Library Facility  |d Remote Storage  |t 0  |e DA195 .W57  |h Library of Congress classification  |i unmediated -- volume  |m A14822422788 
998 f f |a DA195 .W57  |t 0  |l Remote Storage